000 00853nam a2200253 i 4500
001 15988
003 ES-MaACL
005 20230906151222.0
007 t|
008 000530s1998 sp ||||0| spa j
020 _a84-7846-745-9
040 _aM-BN
_bspa
_cM-BN
080 _a378.4(460.187 S.)"15"
100 1 _aAlejo Montes, Francisco Javier.
_919708
245 1 3 _aLa Universidad de Salamanca bajo Felipe II: 1575-1578 /
_cFrancisco Javier Alejo Montes.
260 _a[Valladolid] :
_bConsejería de Educación y Cultura,
_c1998.
300 _a339 p. ;
_c25 cm.
490 1 _aEstudios de historia
610 2 7 _aUniversidad de Salamanca-
_yS.XVI.
_97277
710 1 _aCastilla y León.
_bConsejería de Educación y Cultura.
_92500
830 0 _aEstudios de historia
_9179197
852 _aES-MaACL
_jL-23225
_bR.128303
999 _c15988
_d15988